000 00791nam a22002177a 4500
003 OSt
005 20260316063658.0
008 260316b |||||||| |||| 00| 0 eng d
020 _a0-14-062149-0
040 _aDWCL GS lib
_cOC
082 _aS516 1994
100 _aSEWELL, ANNA
245 _aBlack beauty
_cANNA SEWELL
260 _aNew York
_b Penguin group
_c1998
300 _a 213 p
_c18 cm
520 _aa first-person fictional memoir of a horse's life in 19th-century England, highlighting the need for animal welfare and compassion.
650 _aThe novel was intended to promote the humane treatment of horses and led to significant reforms
650 _athe importance of treating animals with kindness, empathy, and respect
700 _aANNA SEWELL
942 _2ddc
_cFIC.
_n0
999 _c9151
_d9151